Halloween Bunker Quiz Stats

Quiz not verified by Sporcle

Also try: The Christmas Quiz
Challenge
Share
Tweet
Embed
Score 0/15 Timer 05:00
0 Plays Today
Question Answer Wrong Answers
Which month is Halloween celebrated in? ???
100%
???
0%
???
0%
???
0%
Which fruit has people bobbing for them on Halloween? ???
98.4%
???
0.7%
???
0.6%
???
0.3%
Which country is Dracula's historical home of Transylvania in? ???
92.9%
???
2.5%
???
1.9%
???
1%
In the movie, Halloween, which actress played the lead role? ???
82.6%
???
4.2%
???
2.5%
???
3.6%
Who wrote the novel, Frankenstein? ???
76%
???
2.1%
???
1.3%
???
1.6%
Which Simpsons character has had the most deaths in the 'Treehouse of Horror' series? ???
39.2%
???
6.8%
???
15.4%
???
5.6%
Which hurricane did the media name, 'Frankenstorm'? ???
36.7%
???
8.5%
???
4.1%
???
2.3%
Which century did the Salem witch trials take place? ???
30.3%
???
4.2%
???
2.2%
???
2.1%
Which of the following is the collective noun for a group of witches? ???
24.3%
???
0.3%
???
0.1%
???
0.2%
Which of these famous people died on Halloween in 1926? ???
17.4%
???
0.4%
???
0.5%
???
0.2%
Which of the following is the Italian word for Pumpkin? ???
14.3%
???
2.4%
???
0.8%
???
0.6%
What is the phobia of Halloween called? ???
12.9%
???
0.3%
???
0%
???
0.9%
According to superstition, if you stare into a mirror at midnight on Halloween, what will you see? ???
11.2%
???
5.2%
???
3.5%
???
2.2%
Which mythical condition describes the transformation of person into a wolf? ???
7.9%
???
0.3%
???
0.1%
???
0.3%
Which festival is celebrated on the same day as Halloween? ???
3.5%
???
1.5%
???
1.6%
???
1.1%

You're not logged in!

Compare scores with friends on all Sporcle quizzes.
Join for Free
OR
Log In

You Might Also Like...

Show Comments

Extras

Top Quizzes Today


Score Distribution

Your Account Isn't Verified!

In order to create a playlist on Sporcle, you need to verify the email address you used during registration. Go to your Sporcle Settings to finish the process.

Report this User

Report this user for behavior that violates our Community Guidelines.

Details: